All Ratchet And Clank Games - Statistics

General Stats
  • This quiz has been taken 14 times
  • The average score is 10 of 19
Answer Stats
Console Games % Correct
2002-PS2 Ratchet And Clank
100%
2003-PS2 Ratchet And Clank Going Commando
90%
2007-PSP2008-PS2 Ratchet And Clank Size Matters
90%
2004-PS2 Ratchet And Clank Up Your Arsenal
90%
2005-PS2,PS3 Ratchet Deadlocked
90%
2008-PSP2009-PS2 Secret Agent Clank
60%
2009-PS3 Ratchet And Clank Future A Crack In Time
50%
2008-PS3 Ratchet And Clank Future Quest For Booty
50%
2007-PS3 Ratchet And Clank Future Tools Of Destruction
50%
2013-PS3 Ratchet And Clank Into The Nexus
50%
2005-Java Ratchet And Clank Going Mobile
40%
2021-PS5 Ratchet And Clank Rift Apart
40%
2011-PS3 Ratchet And Clank All 4 One
30%
2013-Android,IOS Ratchet And Clank Before The Nexus
30%
2012-PS32013-PSVita Ratchet And Clank Full Frontal Assault
30%
2012-PS3,PSVita Playstation All Stars Battle Royale
20%
2013-PS32014-PSVita Ratchet And Clank Collection
20%
2027-IOS, Android Ratchet And Clank Ranger Rumble
20%
2016-PS4 Ratchet And Clank Remake
20%
No matching quizzes found
Score Distribution
Percent of People with Each Score
Percentile by Number Answered
Your Score History
You have not taken this quiz